| 000 | 00853cam a22002775a 4500 | ||
|---|---|---|---|
| 001 | 16445757 | ||
| 005 | 20150615123334.0 | ||
| 008 | 100903t2009 caua fr 001 0 eng d | ||
| 020 | _a9780596153939 | ||
| 040 |
_aNjBwBT _beng _cJFN _dEG-ScBUE |
||
| 082 | 0 | 4 |
_a005.74 _bMIL _222 |
| 100 | 1 |
_aMilton, Michael, _d1978- _938169 |
|
| 245 | 1 | 0 |
_aHead first data analysis / _cMichael Milton. |
| 260 |
_aSebastopol : _bO'Reilly Media, Inc., _cc.2009. |
||
| 300 |
_axxxviii, 445 p. : _bill. ; _c24 cm. |
||
| 490 | 0 | _aHead first series | |
| 500 | _aIndex : p.435-445 | ||
| 500 | _a"A brain - friendly guide" on cover. | ||
| 650 | 0 |
_aData mining. _2BUEsh |
|
| 650 | 0 |
_aKnowledge management. _2BUEsh |
|
| 650 | 0 |
_aBusiness _xData processing. _2BUEsh |
|
| 651 | _2BUEsh | ||
| 653 |
_bCOMSCI _cJune2015 |
||
| 653 |
_bCOMAME _cJune2015 |
||
| 942 |
_2ddc _k005.74 MIL |
||
| 999 |
_c19618 _d19590 |
||